000
00296nam a22001337a 4500
008
240116b ||||| |||| 00| 0 eng d
041
_a
eng
080
_2
2018
_a
796.3
082
_a
796.3
100
_a
16
101
_a
SHPS
245
_a
BASIC TRAINING FOR LIFE
_c
MARINO BASIC
942
_2
udc
_c
BK
999
_c
60545
_d
60545